Online Catalogue and eLibrary

Raneeum rajuvum (Record no. 4761)

MARC details
000 -LEADER
fixed length control field 00450nam a2200169Ia 4500
005 - DATE AND TIME OF LATEST TRANSACTION
control field 20250324130800.0
008 - FIXED-LENGTH DATA ELEMENTS--GENERAL INFORMATION
fixed length control field 240331s9999 xx 000 0 und d
082 ## - DDC Classification
Item Number - Author Mark RAN
Class No. 894
100 ## - MAIN ENTRY--PERSONAL NAME
Personal name Plantation housing
245 #0 - TITLE STATEMENT
Title Raneeum rajuvum
260 ## - PUBLICATION, DISTRIBUTION, ETC.
Place of publication, distribution, etc. Colombo
Name of publisher, distributor, etc. Plantation housing
Date of publication, distribution, etc. 1994
300 ## - PHYSICAL DESCRIPTION
Extent (e.g. Volumes, Pages etc.) 20 p .,
650 ## - SUBJECT ADDED ENTRY--TOPICAL TERM
Topical term or geographic name entry element Thaimai Paathukappu
650 ## - SUBJECT ADDED ENTRY--TOPICAL TERM
Topical term or geographic name entry element Karppa pathukappu
650 ## - SUBJECT ADDED ENTRY--TOPICAL TERM
Topical term or geographic name entry element Ilanjar yuvathikalin ethirkalam patriyathu
942 ## - Koha item type (Biblio)
Koha item type Books in Stacks (Lending)
Holdings
Lost status Damaged status Collection code Home library Current library Shelving location Date acquired Full call number Accession Number Item type
    Lending WERC Library WERC Library Social Science Cupboard 03/31/2024 894.811 RAN 6291 Books in Stacks (Lending)

© WERC Library